Представление документа в формате RUSMARC

ПолеНазваниеЗначение
  Тип записи c
  Библиографический уровень m
001 Контрольный номер RU/УОНБ/EK_N/530120815
005 Дата корректировки 20250611120051.4
010 Индекс ISBN __
9 Тираж 5000 экз.
013 Номер (ISMN) __
d Цена 49 к.
071 Издательские номер (звукозапись и ноты) 21
a Номер, присвоенный агентством 6748
100 Данные общей обработки __
a Данные общей обработки 20161018d1970 u y0rusy0189||||ca
101 Язык документа 0_
a Язык текста rus
a Язык текста heb
f Язык титульного листа rus
f Язык титульного листа heb
102 Страна публикации __
a Страна публикации RU
105 Кодированные данные (монография) __
a Кодированные данные (монография) y###||||000|y
125 Кодированные данные звукозаписи и нотных изданий __
a Форма изложения нотного текста с|
128 Кодированные данные (звукозаписи-физические характеристики) __
a Кодированные данные: Музыкальная форма и тональность или лад fso
c Инструменты или голоса, рекомендуемые для солистов (устаревшее) vu||
c Инструменты или голоса, рекомендуемые для солистов (устаревшее) ka||
200 Заглавие и сведения об ответственности 1_
a Заглавие Еврейские народные песни
e Сведения, относящиеся к заглавию для голоса в сопровожд. фп.
f Первые сведения об ответственности в обраб. Л. Когана
g Последующие сведения об ответственности рус. тексты М. Лапирова
z Язык параллельного заглавия heb
210 Выходные данные 1_
a Место издания Москва
c Издательство Музыка
d Дата издания 1970
215 Физическое описание __
a Объем 39 с.
d Формат 29 см
225 Серия 1_
a Серия Народные песни
v Обозначение тома вып. 13
300 Общие примечания __
a Общие примечания Парал. рус., идиш
327 Примечание о содержании 11
a Примечание о содержании Содерж. : Годы детства ; Мы снова встретились ; Песня про кузнеца ; Ой, мама, не ругай меня! ; Сваты идут! ; Годы молодые ; День веселый ; Три дочки ; Тихая окраина ; Эй, споем, сыграем ; Веселый портной.
464 Аналитический уровень _0
1 2001
a Годы детства
e Детство беззаботное промчалось...
464 Аналитический уровень _0
1 2001
a Мы снова встретились
e Земляк, мы снова всретились...
464 Аналитический уровень _0
1 2001
a Песня про кузнеца
e Через реки, через горы...
464 Аналитический уровень _0
1 2001
a Ой, мама, не ругай меня!
e Ой, мама, не ругай меня...
464 Аналитический уровень _0
1 2001
a Сваты идут!
e Сваты идут...
464 Аналитический уровень _0
1 2001
a Годы молодые
e На болота, на озера...
464 Аналитический уровень _0
1 2001
a День веселый
e Ой, сегодня день веселый...
464 Аналитический уровень _0
1 2001
a Три дочки
e Словно праздник в домишке...
464 Аналитический уровень _0
1 2001
a Тихая окраина
e Солнечная улица...
464 Аналитический уровень _0
1 2001
a Эй, споем, сыграем
e Эй, споем, сыграем...
464 Аналитический уровень _0
1 2001
a Веселый портной
e Вот приходит праздник...
512 Заглавие обложки 1_
a Заглавие обложки Еврейские народные песни
606 Тематические рубрики 0_
a Основная рубрика Еврейские народные песни
610 Ключевые слова 0_
a Ключевые слова еврейские песни
686 Индексы других классификаций __
a Классификационный индекс 85.92(29Е)-4я43
a Классификационный индекс 85.943.4-42-092
2 Код системы rubbk
702 Вторичная интеллектуальная ответственность _1
a Фамилия Коган
b Имя (инициалы) Л.
4 Код отношения 030
702 Вторичная интеллектуальная ответственность _1
a Фамилия Лапиров
b Имя (инициалы) М.
4 Код отношения 730
801 Источник записи _0
a Страна RU
b Организация Ульяновская ОНБ
c Дата составления 20161018
g Правила каталогизации RCR
801 Источник записи _1
a Страна RU
b Организация Ульяновская ОНБ
c Дата составления 20161018
g Правила каталогизации RCR
901 Тип документа __
t Тип документа m
909 Создатель записи __
a Создатель записи Лобина Л. И.
910 Корректоры записи __
a Корректор записи Илямакова
938 Служебная информация __
a Имя БД noti
b Имя библиотеки УОНБ
c Имя АИБС МАРК-SQL
d Номер DOC_ID в БД 15241